00691 2200229 4500001002100000005001500021035002000036007000300056008004100059020002200100082001800122084002400140100002000164245008500184250001000269260009900279300003500378711001700413990000900430990001100439990001100450INLIS00000000000771020210412082412 a0010-0321001080ta210412 b | ind  a978-602-0920-05-4 aR.398.209 598 aR.398.209 598 DEW p0 aDEWI, Kurniasih1 aPangeran Keramunting dan Si Buluh Perindu /cDewi Kurniasih; editor, Tim Penulis acet.1 aPangkalpinang :bBadan Perpustakaan dan Arsip Daerah Provinsi Kepulauan Bangka Belitung,c2014 aiv, 27 hal. :bilus. ;c25 cm.0 aTIM, Penulis a4078 a4078 a a4078 b